La Edad de Bronce de las Islas Baleares / Juan Maluquer de Motes
Descripción Física:
[35] p.: il. ; 29 cm
Materias:
Balears -- Història antiga
MARC
| LEADER | 00000nam a2200000Ia 4500 | ||
|---|---|---|---|
| 001 | 17326 | ||
| 008 | 160829s9999 xx 000 0 cat d | ||
| 080 | |a H-2-323 | ||
| 100 | 1 | |a Maluquer de Motes, Joan, |d 1915-1988 |9 30020 | |
| 245 | |a La Edad de Bronce de las Islas Baleares / Juan Maluquer de Motes | ||
| 260 | |a [Madrid : |b Espasa - Calpe, s.a.] | ||
| 300 | |a [35] p.: |b il. ; |c 29 cm | ||
| 590 | |a Separata de: Historia de España. Madrid: Espasa-Calpe, 1947 vol. 1. | ||
| 590 | |a Prové de R-168 | ||
| 650 | |a Balears |x Història antiga |9 46708 | ||
| 901 | |a Arxiu | ||
| 942 | |n 1 | ||
| 952 | |0 0 |1 0 |4 0 |6 H2323 |7 1 |9 53403 |a Arxiu |b Arxiu |d 2016-12-01 |l 0 |o H-2-323 |p 17326 |r 2016-12-01 00:00:00 |w 2016-12-01 |y ARXIU | ||
| 999 | |c 57268 |d 57268 | ||